Basketball Trivia - Statistics

General Stats
  • This quiz has been taken 47 times
  • The average score is 5 of 7
Answer Stats
Question Answer % Correct
What player was recently swapped with Anthony Davis to the Lakers? Luka Doncic
95%
Who is the best dunker of all time? Vince Carter
87%
Which Ball brother didn't make it to the league? LiAngelo Ball
79%
Who is the best ball handler of all time? Kyrie Irving
61%
Which player has won the most regular season MVP awards? Kareem-Abdul Jabar
53%
What is America's closest border other than Mexico and Canada? Russia
47%
Who was the first all time three-point record holder? Stephen Curry
37%
No matching quizzes found
Score Distribution
Percent of People with Each Score
Percentile by Number Answered
Your Score History
You have not taken this quiz